000 00457nam a2200157 i 4500
001 33022
003 ES-MaACL
005 20230906154700.0
007 t|
008 030201s1967 sp ||||1| spa d
100 1 _aBenzo Mestre, Fernando.
_927813
245 1 3 _aLa organización de la Hacienda española /
_cpor Fernando Benzo Mestre.
260 _aBilbao :
_bDeusto,
_c[1967]
300 _a367 p. :
_bil. ;
_c24 cm.
852 _aES-MaACL
_jC-33956
_bR.64540
999 _c33022
_d33022